000 00339nam a2200157 4500
008 190521s1959||||xo d
245 1 0 _aDendrometria
260 _aBratislava
_c1959
_bSVPL
100 1 _aGrunwald I.F.
_91100
250 _a1.vydanie
300 _a371s.
020 _c0
041 1 _aslo
044 _axo
_cSK
958 _aA
999 _c22393
_d22393